000 00616cam a2200145 4500500
005 20251228090810.0
041 _afre
042 _adc
100 1 0 _aFaguer, Nicolas
_eauthor
245 0 0 _aJoseph Hanimann, Der Unzeitgenossene. Charles Péguy, Rebell gegen die Herrschaft des Neuen, Edition Akzente, Carl Hanser Verlag, München, 238 pages, 2017.
260 _c2017.
500 _a18
786 0 _nBulletin de l’Amitié Charles Péguy | 158 | 2 | 2017-04-17 | p. 177-179 | 0180-8567
856 4 1 _uhttps://shs.cairn.info/revue-bulletin-de-lamitie-charles-peguy-2017-2-page-177?lang=fr&redirect-ssocas=7080
999 _c1602725
_d1602725